00816nam a2200217 a 450000100100000000500170001000800410002704000250006808200230009324501500011625000110026626000650027730000280034265000470037065000370041765000220045470000340047670000370051070000340054799900170058100002080320200930011152.0100817s1976 ho a 000 0 spa d aDO-SdBNPbspacBPJMB a372.7bM425c, 197600aMatemática 4 :bguía para el maestro /cLuis Alberto Cabrera ... [et al] ; asesor específico Napoleón Sierra Rodas y Oscar Velásquez E. a3a ed. aRepública de Honduras :bMinisterio de Educación,c1976. a221 p. :bil. ;c27 cm. 4aMatemáticasxEnseñanza básica943577 4aTeoría de los números943601 4aFracciones9436021 aCabrera, Luis Alberto.9436031 aSierra Rodas, Napoleón.9436041 aVelásquez E., Oscar.943605 c20307d20307